00960nam a2200229 a 450000100100000000500170001000800410002704000250006808200190009324501310011226000370024330000240028049000280030465000550033270000310038771000970041883000350051591000370055004900090058795201170059699900170071300002963620200930055708.0110415s1993 dr 000 0 spa d aDO-SdBNPbspacBNPHU aF-RD-77bM887i03aLa mortalidad infantil en la República Dominicana :bproblema de salud técnico y administrativo /ceditor Hugo R. Mendoza. aSanto Domingo :bCENISMI,c1993. avi, 29 p. ;c28 cm.1 aReuniones técnicasv2 4aMortalidad infantilzRepública Dominicana95644712aMendoza, Hugo R.eed963902 aCentro Nacional de Investigaciones en Salud Materno Infantil (República Dominicana)956448 0aReuniones técnicasn2956449 aValidado. Control de calidad MFF aBNPD 0010718PDaPDbPDcHDd2011-04-19iLF1l0oF-RD-77 M887ip29636-10r2020-06-25w2020-06-25yLFPDZNo se presta c29128d29128